000 00209nam a22000857a 4500
008 170208b xxu||||| |||| 00| 0 eng d
100 _92802
_aKoshz.S.
245 _aComputer made Friendly-IX
260 _bCordova
_c2010
999 _c6017
_d6017